Расчет обделок транспортных тоннелей; Проблемы геологии и освоения недр; Ч. 2

Detaylı Bibliyografya
Parent link:Проблемы геологии и освоения недр: материалы докладов Второй международной научной конференции студентов, аспирантов и молодых ученых им. академика М. А. Усова/ Томский политехнический университет ; под ред. Б. Д. Васильева.— , 1998
Ч. 2.— 1998.— С. 85
Yazar: Алексеев О. А.
Diğer Yazarlar: Лукьянов В. Г. Виктор Григорьевич (научный руководитель)
Dil:Rusça
Baskı/Yayın Bilgisi: 1998
Konular:
Materyal Türü: MixedMaterials Kitap Bölümü
KOHA link:https://koha.lib.tpu.ru/cgi-bin/koha/opac-detail.pl?biblionumber=231294

MARC

LEADER 00000naa2a2200000 4500
001 231294
005 20231031202725.0
035 |a (RuTPU)RU\TPU\book\252313 
035 |a RU\TPU\book\52066 
090 |a 231294 
100 |a 20130131d1998 k y0rusy50 ca 
101 0 |a rus 
102 |a RU 
200 1 |a Расчет обделок транспортных тоннелей  |f О. А. Алексеев  |g науч. рук. В. Г. Лукьянов 
461 1 |0 (RuTPU)RU\TPU\book\8224  |t Проблемы геологии и освоения недр  |o материалы докладов Второй международной научной конференции студентов, аспирантов и молодых ученых им. академика М. А. Усова  |f Томский политехнический университет ; под ред. Б. Д. Васильева  |d 1998 
463 1 |0 (RuTPU)RU\TPU\book\222117  |t Ч. 2  |v С. 85  |d 1998  |p 176 с. 
610 1 |a труды учёных ТПУ 
675 |a 55(063)  |v 3 
700 1 |a Алексеев  |b О. А. 
702 1 |a Лукьянов  |b В. Г.  |c горный инженер  |c профессор Томского политехнического университета, доктор технических наук  |f 1930-  |g Виктор Григорьевич  |2 stltpush  |4 727 
801 1 |a RU  |b 63413507  |c 20021104  |g PSBO 
801 2 |a RU  |b 63413507  |c 20130520  |g PSBO 
942 |c BK